| 000 | 00970cab a2200253 4500 | ||
|---|---|---|---|
| 001 | ABS68298 | ||
| 008 | 041018n2004 000 0 eng u | ||
| 035 | _a(Sirsi) u127738 | ||
| 100 | _aHare, M. | ||
| 245 | _aEradicating dampness | ||
| 260 | _c2004 | ||
| 490 |
_aEstate Agent _vOctober 2004, 10-11(2) |
||
| 520 | _aDampness in buildings needs to be cured for health reasons and to prevent deterioration to both the building and its contents. Examines the causes of dampness: penetrating damp; rising damp; condensation and other extraneous causes such as a bridged damp proof course, defective valley gutters and flashings, gutters, fall pipes and service pipes. Suggests treatments. | ||
| 590 | _aABS | ||
| 650 | _aPENETRATING DAMP | ||
| 650 | _aDAMPNESS | ||
| 650 | _aRISING DAMP | ||
| 650 | _aPIPES | ||
| 650 | _aGUTTERS | ||
| 650 | _aDETERIORATION | ||
| 650 | _aDAMP PROOF COURSES | ||
| 690 | _aBUILT ENVIRONMENT-BUILDING PATHOLOGY | ||
| 942 | _n0 | ||
| 999 |
_c74574 _d74574 |
||